Bridging the gap (Record no. 114390)

MARC details
000 -LEADER
fixed length control field 01192cad a22002055a 4500
001 - CONTROL NUMBER
control field L156726
008 - FIXED-LENGTH DATA ELEMENTS--GENERAL INFORMATION
fixed length control field 120702s2012 xxk f 000 0 eng d
035 ## - SYSTEM CONTROL NUMBER
System control number (Sirsi) u156726
041 0# - LANGUAGE CODE
Language code of text/sound track or separate title eng
110 2# - MAIN ENTRY--CORPORATE NAME
Corporate name or jurisdiction name as entry element Confederation of British Industry
9 (RLIN) 414
245 00 - TITLE STATEMENT
Title Bridging the gap
Remainder of title backing the construction sector to generate jobs
Medium [electronic resource]
260 ## - PUBLICATION, DISTRIBUTION, ETC.
Place of publication, distribution, etc. London
Name of publisher, distributor, etc. CBI
Date of publication, distribution, etc. 2012
490 #0 - SERIES STATEMENT
Series statement Brief
520 ## - SUMMARY, ETC.
Summary, etc. This brief makes the case for an industry-government partnership to plug the current construction activity gap by addressing unemployment - particularly youth unemployment; the construction sector is faced with an immediate shortfall in activity, but it has the potential to generate jobs where they are needed most; the government can act to bridge the current construction activity gap; and encouraging investment in the UK's infrastructure will help secure jobs in the longer term.
590 ## - LOCAL NOTE (RLIN)
Local note KA NTK
651 #4 - SUBJECT ADDED ENTRY--GEOGRAPHIC NAME
Geographic name United Kingdom
690 ## - LOCAL SUBJECT ADDED ENTRY--TOPICAL TERM (OCLC, RLIN)
Topical term or geographic name as entry element Construction management
9 (RLIN) 6230
856 40 - ELECTRONIC LOCATION AND ACCESS
Uniform Resource Identifier <a href="https://www.cbi.org.uk/media/1547179/bridging_the_gap_-_backing_the_construction_sector_to_generate_jobs.pdf">https://www.cbi.org.uk/media/1547179/bridging_the_gap_-_backing_the_construction_sector_to_generate_jobs.pdf</a>
Public note View the Brief free of charge at www.cbi.org.uk
942 ## - ADDED ENTRY ELEMENTS (KOHA)
Suppress in OPAC 0
Holdings
Withdrawn status Lost status Source of classification or shelving scheme Damaged status Not for loan Home library Current library Shelving location Date acquired Total Checkouts Full call number Barcode Date last seen Copy number Price effective from Koha item type
    Dewey Decimal Classification     Virtual Virtual Online 02/07/2012   ONLINE PUBLICATION 156726-2001 06/08/2019 1 06/08/2019 Book